| 000 | 00922nam a22002897a 4500 | ||
|---|---|---|---|
| 003 | CHAP | ||
| 005 | 20220329135202.0 | ||
| 008 | 971013s1979 r 00010 d | ||
| 010 | _a32286 | ||
| 011 | _a33258 | ||
| 035 | _a37373 | ||
| 040 | _cCHAP | ||
| 082 |
_a540.7 _bM3 |
||
| 100 | 0 | 0 |
_aMarzell, Robert E. _972735 |
| 245 |
_aHow to find chemical information _b: a guide for practicing chemists, teachers and students |
||
| 260 |
_aNew York : _bWiley, _c1979 |
||
| 300 |
_a261 p. _b: ilus |
||
| 590 |
_aBATCH-UPD _b10 _c20130110 _lUCH01 _h1933 |
||
| 590 |
_aBATCH-UPD _b10 _c20130410 _lUCH01 _h1257 |
||
| 590 |
_aBATCH-UPD _b10 _c20130914 _lUCH01 _h1950 |
||
| 590 |
_aCONVERSION _b10 _c20130109 _lUCH01 _h1318 |
||
| 650 | 1 | 4 |
_aQuímica _xEstudio y enseñanza. _993559 |
| 650 | 1 | 4 |
_aQuímica _xInvestigación. _993564 |
| 901 | _aBK | ||
| 942 | _cLIBRO | ||
| 949 |
_a540.7 M3 _bBC _cLIBRO _d33724000438925 _eLIBRO _h65072 _i37373 _si |
||
| 999 |
_c32286 _d32286 |
||